| 000 | 00765nam a2200253 i 4500 | ||
|---|---|---|---|
| 001 | 11377 | ||
| 003 | ES-MaACL | ||
| 005 | 20250807063204.0 | ||
| 007 | t| | ||
| 008 | 930708s1992 sp ||||0| spa j | ||
| 020 | _a84-7100-219-1 | ||
| 080 | _a892.7(460).09 | ||
| 100 | 1 |
_aRubiera Mata, María Jesús _9100316 |
|
| 245 | 1 | 0 |
_aLiteratura hispanoárabe / _cMª Jesús Rubiera Mata. |
| 260 |
_aMadrid : _bMAPFRE, _c[1992] |
||
| 300 |
_a283 p ; _c23 cm. |
||
| 490 | 1 |
_aColección Al-Andalus ; _v3 |
|
| 500 | _aÍndice. | ||
| 504 | _aBibliografía: p. [269]-272. | ||
| 650 | 4 |
_aLiteratura árabe- _zAl-Andalus- _xHistoria y crítica. _914505 |
|
| 830 | 0 | 0 |
_aColección Al-Andalus _v3 _9178982 |
| 852 |
_aES-MaACL _jL-18701 |
||
| 999 |
_c11377 _d11377 |
||